000 00719nam a2200205Ii 4500
003 JO-AjNU
008 230605s9999||||xx |||||||||||||| ||und||
040 _aJO-AjNU
_bara
_erda
_cJO-AjNU
041 _aara
050 1 4 _aPJ6065.M376 1984
100 3 _aتاليف المصري، محمد عبد الغني,
_eauthor
_918601
245 0 0 _aتجربة تربوية في تعلم اللغة العربية
250 _aط1
264 3 1 _aعمان:دار الفرقان للنشر والتوزيع، 1984
300 _a104ص
336 _atext
_btxt
_2rdacontent
337 _aunmediated
_bn
_2rdamedia
338 _avolume
_bnc
_2rdacarrier
650 4 _aاللغة العربية-تعلم اللغة العربية
_918602
999 _aA5980
_c9548
_d9548